00395 2200157 4500001002100000005001500021035002000036245003400056100002000090300002700110260004400137082000800181084001400189020002200203990001200225INLIS00000000000266220250903090542 a0010-09250000091 aCuma Rindu /cAtalia Praratya0 aAtalia Praratya a90 hlm ;c14,5 x 21 cm aJakarta :bEsensi Erlangga Group,c2023 a900 a900 ATA c a978-623-7478-53-9 a0755360